| 000 | 00572nam a22001697a 4500 | ||
|---|---|---|---|
| 005 | 20131015153003.0 | ||
| 010 | _aB-527663 | ||
| 020 |
_a9780702032271 _c1293.00 |
||
| 035 | _aB-527663 | ||
| 037 | _aRP/Karol Bagh | ||
| 082 | _a612 | ||
| 100 | _aWaugh,Anne | ||
| 245 |
_aRoss and Wilson anatomy and physiology in health and iIIness / _cby Anne Waugh and Allison Grant |
||
| 300 |
_a495p. _b27cm(pbk) _cill. |
||
| 942 |
_2ddc _cEN _h612 _mWAU |
||
| 999 |
_c79560 _d79560 |
||